000 00637nam a2200229Ia 4500
003 OSt
005 20220918212323.0
006 a|||||r|||| 00| 0
007 ta
008 220917b |||||||| |||| 00| 0 eng d
024 _a128,376
037 _cTextual
040 _aARTS
_cARTS
_beng
041 _2eng
_aeng
082 _aW81.41.N9, N4
100 _aCi Jiwei
_932808
245 0 _aDialectic of the chinese revolutic from utopiansim to hedonism
260 _acalifornia
_bstandford Univ Press
_c1994
650 _aPOLITICAL SCIENCE
942 _hW81.41.N9, N4
_cTEXL
_2CC
999 _c251514
_d251514